[Event "Hennebont Grand Prix"]
[Site "Hennebont"]
[Date "2006.08.06"]
[Round "5"]
[White "Primault, Loic"]
[Black "Stosic, Dean"]
[Result "0-1"]
[WhiteElo "1499"]
[BlackElo "1610"]
[PlyCount "61"]
[EventDate "2006.08.05"]
[EventType "swiss"]
[EventRounds "7"]
[EventCountry "FRA"]
[SourceTitle "EXT 2007"]
[Source "ChessBase"]
[SourceDate "2006.11.23"]
[SourceVersion "1"]
[SourceVersionDate "2006.11.23"]
[SourceQuality "1"]

1. d4 Nf6 2. Nf3 e6 3. c4 Be7 4. e3 0-0 5. Bd3 Nc6 6. a3 b6 7. Nbd2 Ba6 8. b3 Qc8 9. 0-0 d5 10. Qc2 dxc4 11. Bxc4 Bxc4 12. bxc4 Bd6 13. Bb2 Re8 14. d5 exd5 15. Bxf6 gxf6 16. cxd5 Ne5 17. Nxe5 Bxe5 18. Rad1 Qg4 19. Nf3 Bd6 20. Rd4 Qg6 21. Qc4 h5 22. Nh4 Qh7 23. e4 Kh8 24. Re1 Rg8 25. Rd3 Rg4 26. Nf5 Qxf5 27. f3 Rh4 28. g3 Qh3 29. gxh4 Qxh2+ 30. Kf1 Rg8 31. Qd4 0-1